[Event "1st GRENKE Chess Classic"]
[Site "Baden-Baden GER"]
[Date "2013.02.07"]
[Round "1.1"]
[White "Adams, Michael"]
[Black "Anand, Viswanathan"]
[Result "1/2-1/2"]
[WhiteTitle "GM"]
[BlackTitle "GM"]
[WhiteElo "2725"]
[BlackElo "2780"]
[WhiteFideId "400041"]
[BlackFideId "5000017"]
[EventDate "2013.02.07"]

1. e4 e5 2. Nf3 Nc6 3. Bb5 Nf6 4. d3 Bc5 5. c3 O-O 6. O-O d6 7. h3 Ne7 8. d4 Bb6
9. Re1 Ng6 10. Bd3 Re8 11. Qc2 c6 12. Be3 d5 13. dxe5 Nxe5 14. Nxe5 Rxe5 15.
Bxb6 axb6 16. f4 Rh5 17. e5 Nd7 18. Qe2 Rh4 19. e6 Nc5 20. exf7+ Kxf7 21. Nd2
Nxd3 22. Qxd3 Rxf4 23. Qxh7 Bf5 24. Qh5+ Bg6 25. Qe5 Rf6 26. Nf3 Kg8 27. Ng5 Qd7
28. a3 Raf8 29. Rad1 Qf5 30. Qe3 Qf2+ 31. Qxf2 Rxf2 32. Re6 Be4 33. Nxe4 dxe4
34. Rxe4 Rxb2 35. Rd7 Rff2 36. Rg4 Rf7 37. Rxf7 Kxf7 38. Rb4 Ra2 39. Rxb6 Rxa3
40. Rxb7+ Kg8 41. c4 Ra4 42. c5 Ra5 43. Rc7 Rxc5 1/2-1/2

[Event "1st GRENKE Chess Classic"]
[Site "Baden-Baden GER"]
[Date "2013.02.07"]
[Round "1.2"]
[White "Naiditsch, Arkadij"]
[Black "Fridman, Daniel"]
[Result "1/2-1/2"]
[WhiteTitle "GM"]
[BlackTitle "GM"]
[WhiteElo "2716"]
[BlackElo "2667"]
[WhiteFideId "4650891"]
[BlackFideId "11600454"]
[EventDate "2013.02.07"]

1. e4 e5 2. Nf3 Nf6 3. Nc3 Nc6 4. d4 exd4 5. Nxd4 Bb4 6. Nxc6 bxc6 7. Bd3 d5 8.
exd5 cxd5 9. O-O O-O 10. h3 c6 11. Qf3 Re8 12. Bf4 Bd6 13. Rfe1 Be6 14. Ne2 Qb8
15. b3 Bd7 16. Be3 a5 17. a4 Qc7 18. Nd4 Bb4 19. Re2 Qe5 20. Rd1 Ne4 21. Bxe4
Qxe4 22. Qg3 Qg6 23. Qxg6 hxg6 24. Bd2 Rxe2 25. Nxe2 Bc5 26. Nf4 Bf5 27. Nd3
Bxd3 28. cxd3 Rb8 29. Rb1 Bb4 30. Bf4 Rb7 31. d4 Bc3 32. Be3 Kf8 33. Kf1 Ke7 34.
Ke2 Kd7 35. Kd3 Bb4 36. h4 Rb8 37. g3 Be7 38. Kc2 Bb4 39. Rh1 Rh8 40. Kd3 Kd6
41. g4 f6 42. h5 g5 43. Rh3 Kd7 44. f4 gxf4 45. Bxf4 Re8 46. h6 gxh6 47. Rxh6
Rg8 48. Rxf6 1/2-1/2

[Event "1st GRENKE Chess Classic"]
[Site "Baden-Baden GER"]
[Date "2013.02.07"]
[Round "1.3"]
[White "Caruana, Fabiano"]
[Black "Meier, Georg"]
[Result "1-0"]
[WhiteTitle "GM"]
[BlackTitle "GM"]
[WhiteElo "2757"]
[BlackElo "2640"]
[WhiteFideId "2020009"]
[BlackFideId "4675789"]
[EventDate "2013.02.07"]

1. e4 e6 2. d4 d5 3. Nc3 dxe4 4. Nxe4 Nd7 5. Nf3 Ngf6 6. Nxf6+ Nxf6 7. Be3 Nd5
8. Bd2 c5 9. Bb5+ Bd7 10. Bxd7+ Qxd7 11. c4 Nb6 12. Rc1 f6 13. O-O cxd4 14. Re1
Rc8 15. Qb3 Be7 16. c5 Rxc5 17. Rxc5 Bxc5 18. Rxe6+ Kd8 19. Re1 Qd5 20. Qd3 Nd7
21. b4 Bb6 22. a4 a6 23. a5 Ba7 24. Bf4 Nb8 25. Bxb8 Bxb8 26. Nxd4 Qd6 27. Ne6+
Ke7 28. Nc5+ Kf7 29. Qc4+ Kg6 30. g3 h5 31. Qe4+ Kh6 32. Qxb7 Qd2 33. Re7 Qd1+
34. Kg2 h4 35. Qd7 Bd6 36. Ne4 1-0

[Event "1st GRENKE Chess Classic"]
[Site "Baden-Baden GER"]
[Date "2013.02.08"]
[Round "2.1"]
[White "Anand, Viswanathan"]
[Black "Caruana, Fabiano"]
[Result "1/2-1/2"]
[WhiteTitle "GM"]
[BlackTitle "GM"]
[WhiteElo "2780"]
[BlackElo "2757"]
[WhiteFideId "5000017"]
[BlackFideId "2020009"]
[EventDate "2013.02.07"]

1. e4 e5 2. Nf3 Nc6 3. Bb5 a6 4. Ba4 Nf6 5. O-O Be7 6. Re1 b5 7. Bb3 d6 8. c3
O-O 9. h3 Re8 10. d4 Bb7 11. Nbd2 Bf8 12. d5 Nb8 13. Nf1 Nbd7 14. N3h2 Nc5 15.
Bc2 c6 16. b4 Ncd7 17. dxc6 Bxc6 18. Bg5 h6 19. Bxf6 Nxf6 20. Ng4 a5 21. Nxf6+
Qxf6 22. Ne3 axb4 23. cxb4 d5 24. exd5 Bd7 25. Qb1 g6 26. d6 Rad8 27. a4 Bxd6
28. axb5 e4 29. Bxe4 Qf4 30. Nf1 Bxb5 31. g3 Qf6 32. Bg2 Rxe1 33. Qxe1 Bxf1 34.
Qxf1 Bxb4 35. Ra8 Rxa8 36. Bxa8 Bd6 37. Kg2 Kg7 38. Bf3 Bf8 39. Qe2 Qe7 40. Qxe7
Bxe7 1/2-1/2

[Event "1st GRENKE Chess Classic"]
[Site "Baden-Baden GER"]
[Date "2013.02.08"]
[Round "2.2"]
[White "Naiditsch, Arkadij"]
[Black "Adams, Michael"]
[Result "1-0"]
[WhiteTitle "GM"]
[BlackTitle "GM"]
[WhiteElo "2716"]
[BlackElo "2725"]
[WhiteFideId "4650891"]
[BlackFideId "400041"]
[EventDate "2013.02.07"]

1. d4 Nf6 2. c4 e6 3. Nc3 Bb4 4. e3 O-O 5. Bd3 d5 6. Nf3 c5 7. O-O Nc6 8. cxd5
exd5 9. dxc5 Bxc5 10. h3 Qe7 11. b3 Rd8 12. Bb2 Ne4 13. Rc1 Bf5 14. Ne2 Rac8 15.
Nf4 Ba3 16. Qe2 Bg6 17. Rfd1 a6 18. Bb1 Bxb2 19. Qxb2 Nf6 20. Bxg6 hxg6 21. Rc2
Rc7 22. Rcd2 Qc5 23. Nd3 Qb6 24. Nde5 Nxe5 25. Qxe5 Re8 26. Qf4 Re4 27. Rxd5 Rc8
28. Rd6 Qa5 29. Qg3 Ree8 30. Ng5 Qxa2 31. Qh4 Qxb3 32. R1d3 Qc4 33. R3d4 Qc1+
34. Kh2 Qc7 35. Kg1 Qc1+ 36. Rd1 Qc4 37. e4 Rc5 38. Rd8 Rc8 39. R8d6 Rc5 40. Rd8
Rc8 41. R8d4 Qe2 42. Kh2 Rc5 43. Rd8 Re5 44. f4 Rxd8 45. Rxd8+ Re8 46. Rd4 Qe3
47. Rb4 Nh5 48. e5 f6 49. Nf3 a5 50. Rd4 fxe5 51. fxe5 Rf8 52. Re4 Qb6 53. Qg4
Qc6 54. Rd4 Qe8 55. Qg5 Kh7 56. Qe3 Rxf3 57. gxf3 Qe6 58. Rd6 Qa2+ 59. Rd2 Qe6
60. Rd6 Qa2+ 61. Qd2 Qb3 62. e6 Qxf3 63. Rd3 Qc6 64. Qe3 a4 65. e7 Nf6 66. Kg1
b5 67. Rd4 Ne8 68. Rf4 Qd5 69. Kf2 Qc6 70. Ke1 Qh1+ 71. Kd2 Qd5+ 72. Kc1 Qg5 73.
h4 Qd5 74. Kb2 Nd6 75. h5 Qxh5 76. Rd4 Ne8 77. Rf4 Qh2+ 78. Qf2 a3+ 79. Ka2 1-0

[Event "1st GRENKE Chess Classic"]
[Site "Baden-Baden GER"]
[Date "2013.02.08"]
[Round "2.3"]
[White "Fridman, Daniel"]
[Black "Meier, Georg"]
[Result "1/2-1/2"]
[WhiteTitle "GM"]
[BlackTitle "GM"]
[WhiteElo "2667"]
[BlackElo "2640"]
[WhiteFideId "11600454"]
[BlackFideId "4675789"]
[EventDate "2013.02.07"]

1. c4 Nf6 2. Nc3 c5 3. Nf3 e6 4. d4 cxd4 5. Nxd4 Bb4 6. g3 Ne4 7. Qd3 Bxc3+ 8.
bxc3 Nc5 9. Qe3 b6 10. Bg2 Bb7 11. Bxb7 Nxb7 12. Ba3 Nc6 13. Nb5 Nca5 14. Bb4 a6
15. Qd4 f6 16. Bxa5 bxa5 17. Nd6+ Nxd6 18. Qxd6 Rc8 19. Qxa6 Qc7 20. O-O Qxc4
21. Qxa5 Qxc3 22. Qh5+ Ke7 23. Qg4 Kf7 24. Qh5+ Ke7 25. Qg4 Kf7 26. Qh5+ 1/2-1/2

[Event "1st GRENKE Chess Classic"]
[Site "Baden-Baden GER"]
[Date "2013.02.09"]
[Round "3.1"]
[White "Meier, Georg"]
[Black "Anand, Viswanathan"]
[Result "1/2-1/2"]
[WhiteTitle "GM"]
[BlackTitle "GM"]
[WhiteElo "2640"]
[BlackElo "2780"]
[WhiteFideId "4675789"]
[BlackFideId "5000017"]
[EventDate "2013.02.07"]

1. d4 e6 2. c4 Bb4+ 3. Bd2 c5 4. Bxb4 cxb4 5. Nf3 Nf6 6. g3 a5 7. Bg2 O-O 8. O-O
d6 9. a3 Na6 10. axb4 Nxb4 11. Nc3 Qc7 12. Rc1 Bd7 13. Nd2 Rfd8 14. Nde4 Ne8 15.
b3 Qb6 16. e3 d5 17. Nc5 Bc6 18. N5a4 Qc7 19. c5 Nf6 20. Re1 Nd7 21. Bf1 b6 22.
cxb6 Nxb6 23. Nxb6 Qxb6 24. Na4 Bxa4 25. bxa4 Rac8 26. Qd2 Qd6 27. h4 g6 28. Bb5
h5 29. Red1 Qf8 30. Kg2 Kg7 31. Kg1 Kg8 32. Kg2 Kg7 33. Kg1 1/2-1/2

[Event "1st GRENKE Chess Classic"]
[Site "Baden-Baden GER"]
[Date "2013.02.09"]
[Round "3.2"]
[White "Adams, Michael"]
[Black "Fridman, Daniel"]
[Result "1/2-1/2"]
[WhiteTitle "GM"]
[BlackTitle "GM"]
[WhiteElo "2725"]
[BlackElo "2667"]
[WhiteFideId "400041"]
[BlackFideId "11600454"]
[EventDate "2013.02.07"]

1. c4 e6 2. g3 d5 3. Bg2 Nf6 4. Nf3 Be7 5. d4 O-O 6. O-O dxc4 7. Qc2 a6 8. a4
Bd7 9. Qxc4 Bc6 10. Bf4 a5 11. Nc3 Na6 12. Ne5 Bxg2 13. Kxg2 Nd5 14. Rad1 Nxf4+
15. gxf4 Bd6 16. e3 Qh4 17. Kh1 Nb4 18. Nf3 Qh5 19. Qe2 f6 20. Rg1 Qe8 21. Rg3
Rf7 22. Qc4 Bf8 23. d5 exd5 24. Nxd5 Qc6 25. Qxc6 Nxc6 26. f5 Bd6 27. Rg4 Ne5
28. Nxe5 Bxe5 29. b3 Re8 30. Kg2 c6 31. Nf4 Bxf4 32. Rxf4 Re5 33. Rd8+ Rf8 34.
Rd7 Rf7 35. Rd8+ Rf8 36. Rd3 Kf7 37. Rd7+ Re7 38. Rfd4 Rc8 39. Kf3 Ke8 40. R7d6
Rec7 41. Rh4 Ke7 42. Rd1 Rh8 43. Rg4 Kf7 44. h4 h5 45. Rgd4 Ke7 46. Kf4 Rb8 47.
Re4+ Kf7 48. Rc4 c5 49. Rd5 b5 50. axb5 Rxb5 51. Rc3 Rb4+ 52. e4 Rcb7 53. Rdd3
Rc7 54. Rd5 Rcb7 55. Rdxc5 Rxb3 56. Rxb3 Rxb3 57. Rxa5 Rh3 58. Ra7+ Kg8 1/2-1/2

[Event "1st GRENKE Chess Classic"]
[Site "Baden-Baden GER"]
[Date "2013.02.10"]
[Round "4.1"]
[White "Fridman, Daniel"]
[Black "Anand, Viswanathan"]
[Result "1/2-1/2"]
[WhiteTitle "GM"]
[BlackTitle "GM"]
[WhiteElo "2667"]
[BlackElo "2780"]
[WhiteFideId "11600454"]
[BlackFideId "5000017"]
[EventDate "2013.02.07"]

1. Nf3 c5 2. c4 Nc6 3. d4 cxd4 4. Nxd4 Nf6 5. Nc3 e6 6. g3 Qb6 7. Nb3 Ne5 8. e4
Bb4 9. Qe2 d6 10. Bd2 a5 11. f4 Nc6 12. Be3 Qc7 13. Bg2 e5 14. O-O Bxc3 15. bxc3
a4 16. Nd2 Ng4 17. Rab1 Nxe3 18. Qxe3 Na5 19. f5 f6 20. Rb4 Bd7 21. Bf3 Qc5 22.
Kf2 Kd8 23. Bd1 Kc7 24. Bxa4 Nc6 25. Bxc6 Bxc6 26. Qxc5 dxc5 27. Rb2 Ra3 28. Nb1
Ra4 29. Nd2 Rd8 30. Re1 Rd6 31. g4 Be8 32. Rg1 h6 33. h4 Ra3 34. Nb1 Ra8 35. g5
Rad8 36. gxh6 gxh6 37. Rg7+ R6d7 38. Rxd7+ Rxd7 39. Re2 Bf7 40. Rd2 Bxc4 41.
Rxd7+ Kxd7 42. a3 Kc6 43. Nd2 Bf7 44. c4 b5 45. Ke3 b4 46. Kd3 Kb6 47. Kc2 Ka5
48. Kb3 Bh5 49. Ka2 Ka4 50. Nb3 bxa3 51. Nxc5+ Kb4 52. Nd7 Bf7 53. Nxf6 Bxc4+
54. Ka1 Kc3 55. Ng4 Kd4 56. Nxh6 Kxe4 57. Ng4 Kf4 58. Nxe5 1/2-1/2

[Event "1st GRENKE Chess Classic"]
[Site "Baden-Baden GER"]
[Date "2013.02.10"]
[Round "4.2"]
[White "Naiditsch, Arkadij"]
[Black "Meier, Georg"]
[Result "1-0"]
[WhiteTitle "GM"]
[BlackTitle "GM"]
[WhiteElo "2716"]
[BlackElo "2640"]
[WhiteFideId "4650891"]
[BlackFideId "4675789"]
[EventDate "2013.02.07"]

1. d4 Nf6 2. Nf3 d5 3. e3 c6 4. c4 Bf5 5. Nc3 e6 6. Be2 Nbd7 7. O-O Bd6 8. c5
Bc7 9. b4 Ne4 10. Nxe4 Bxe4 11. b5 Bxf3 12. Bxf3 cxb5 13. Qb3 b6 14. c6 Nf6 15.
Qxb5 a6 16. Qa4 Ne4 17. Bxe4 dxe4 18. Ba3 h5 19. f3 b5 20. Qb4 Qh4 21. h3 a5 22.
Qxb5 Qg3 23. fxe4 Qxe3+ 24. Kh1 Qxa3 25. Qb7 Qg3 26. e5 O-O 27. Qxc7 Qc3 28. Qd6
Rad8 29. Rfc1 Rxd6 30. Rxc3 Rxd4 31. c7 Rc8 32. Rb1 Rb4 33. Rd1 1-0

[Event "1st GRENKE Chess Classic"]
[Site "Baden-Baden GER"]
[Date "2013.02.10"]
[Round "4.3"]
[White "Adams, Michael"]
[Black "Caruana, Fabiano"]
[Result "1/2-1/2"]
[WhiteTitle "GM"]
[BlackTitle "GM"]
[WhiteElo "2725"]
[BlackElo "2757"]
[WhiteFideId "400041"]
[BlackFideId "2020009"]
[EventDate "2013.02.07"]

1. e4 e5 2. Nf3 Nc6 3. Bb5 a6 4. Ba4 Nf6 5. O-O b5 6. Bb3 Bc5 7. a4 Rb8 8. c3 d6
9. d4 Bb6 10. axb5 axb5 11. Qd3 O-O 12. Bg5 exd4 13. cxd4 h6 14. Bh4 g5 15. Bg3
Nh5 16. Nc3 Bg4 17. Nd5 Bxf3 18. Nxb6 Bxg2 19. Kxg2 Rxb6 20. f4 d5 21. e5 Nb4
22. Qe2 Nxf4+ 23. Bxf4 gxf4 24. Kh1 Rg6 25. Rxf4 Kh8 26. Raf1 Rfg8 27. Rf6 Qd7
28. Qh5 Qe7 29. Bd1 c5 30. Bg4 cxd4 31. Rxf7 Qg5 32. Qxg5 Rxg5 33. Bf5 Re8 34.
e6 Nc6 35. h4 Rg7 36. Rf6 Ne5 37. Rxh6+ Kg8 38. Rh5 Ng4 39. Rf4 Ne3 40. Bh3 d3
41. Rd4 Rf8 42. Rxd3 Rf3 43. Bg2 Rxg2 44. Rxe3 Rxe3 45. Kxg2 Rxe6 46. Kf3 Re4
47. Rg5+ Kh7 48. Rg4 Rc4 49. Rg5 Rb4 50. Rxd5 1/2-1/2

[Event "1st GRENKE Chess Classic"]
[Site "Baden-Baden GER"]
[Date "2013.02.11"]
[Round "5.1"]
[White "Anand, Viswanathan"]
[Black "Naiditsch, Arkadij"]
[Result "1-0"]
[WhiteTitle "GM"]
[BlackTitle "GM"]
[WhiteElo "2780"]
[BlackElo "2716"]
[WhiteFideId "5000017"]
[BlackFideId "4650891"]
[EventDate "2013.02.07"]

1. e4 e5 2. Nf3 Nc6 3. Bb5 Nf6 4. d3 d6 5. c3 Be7 6. Nbd2 O-O 7. Nf1 Re8 8. Ng3
Bf8 9. O-O Bd7 10. h3 h6 11. Re1 Ne7 12. Bxd7 Qxd7 13. d4 Ng6 14. c4 c5 15. d5
b5 16. cxb5 Qxb5 17. Qc2 Nd7 18. Nd2 Nf4 19. Re3 g6 20. a4 Qa6 21. a5 Rab8 22.
Nc4 Rb4 23. b3 Reb8 24. Bd2 R4b5 25. Ra3 h5 26. h4 Nf6 27. Nf1 Bh6 28. Re1 Kh7
29. g3 Qc8 30. f3 Qh3 31. gxf4 Qxf3 32. Qd1 Qh3 33. fxe5 Rxb3 34. Rxb3 Rxb3 35.
exf6 Rf3 36. Qe2 Bxd2 37. Ncxd2 Rf4 38. Qh2 1-0

[Event "1st GRENKE Chess Classic"]
[Site "Baden-Baden GER"]
[Date "2013.02.11"]
[Round "5.2"]
[White "Meier, Georg"]
[Black "Adams, Michael"]
[Result "1/2-1/2"]
[WhiteTitle "GM"]
[BlackTitle "GM"]
[WhiteElo "2640"]
[BlackElo "2725"]
[WhiteFideId "4675789"]
[BlackFideId "400041"]
[EventDate "2013.02.07"]

1. d4 Nf6 2. c4 e6 3. g3 d5 4. Nf3 Bb4+ 5. Bd2 Bd6 6. Nc3 O-O 7. Bg5 c6 8. Bg2
Nbd7 9. e4 dxe4 10. Nxe4 Bb4+ 11. Nc3 Qa5 12. Bd2 e5 13. a3 Bxc3 14. Bxc3 Qa6
15. Nxe5 Nxe5 16. dxe5 Qxc4 17. Qd4 Qxd4 18. Bxd4 Rd8 19. Rd1 Nd5 20. O-O Be6
21. f4 f5 22. exf6 Nxf6 23. Be5 Kf7 24. h3 h5 25. Rfe1 g6 26. Kf2 Bb3 27. Rd4 a5
28. Bf3 Be6 29. Kg2 Rxd4 30. Bxd4 Rd8 31. Bb6 Rd2+ 32. Re2 Rd3 33. Re3 Rd2+ 34.
Re2 Rd3 35. Re3 Rd2+ 1/2-1/2

[Event "1st GRENKE Chess Classic"]
[Site "Baden-Baden GER"]
[Date "2013.02.11"]
[Round "5.3"]
[White "Caruana, Fabiano"]
[Black "Fridman, Daniel"]
[Result "1/2-1/2"]
[WhiteTitle "GM"]
[BlackTitle "GM"]
[WhiteElo "2757"]
[BlackElo "2667"]
[WhiteFideId "2020009"]
[BlackFideId "11600454"]
[EventDate "2013.02.07"]

1. e4 e5 2. Nf3 Nf6 3. Nxe5 d6 4. Nf3 Nxe4 5. Nc3 Nxc3 6. dxc3 Be7 7. Be3 Nc6 8.
Qd2 O-O 9. O-O-O Ne5 10. h4 c6 11. Kb1 Qa5 12. Nxe5 dxe5 13. Bc4 b5 14. Bb3 Qc7
15. Bg5 a5 16. Bxe7 Qxe7 17. a4 Rb8 18. axb5 a4 19. Bc4 cxb5 20. Ba2 b4 21. cxb4
Rxb4 22. Qd6 Qxd6 23. Rxd6 Bf5 24. Kc1 Rfb8 25. Rhd1 Kf8 26. Rd8+ Rxd8 27. Rxd8+
Ke7 28. Ra8 Rxh4 29. Ra7+ Kd6 30. Bxf7 Rh1+ 31. Kd2 Rf1 32. Ke2 Rc1 33. c3 Rc2+
34. Ke3 Bd7 35. Bg8 h6 36. Ra6+ Ke7 37. Rb6 a3 38. bxa3 Rxc3+ 39. Ke4 Rxa3 40.
Kxe5 Ra1 41. Ke4 1/2-1/2

[Event "1st GRENKE Chess Classic"]
[Site "Baden-Baden GER"]
[Date "2013.02.13"]
[Round "6.1"]
[White "Anand, Viswanathan"]
[Black "Adams, Michael"]
[Result "1/2-1/2"]
[WhiteTitle "GM"]
[BlackTitle "GM"]
[WhiteElo "2780"]
[BlackElo "2725"]
[WhiteFideId "5000017"]
[BlackFideId "400041"]
[EventDate "2013.02.07"]

1. e4 e5 2. Nf3 Nc6 3. Bb5 a6 4. Ba4 Nf6 5. O-O Be7 6. d3 b5 7. Bb3 d6 8. a3 O-O
9. Nc3 Na5 10. Ba2 c5 11. Nd5 Nxd5 12. Bxd5 Bb7 13. b4 Bxd5 14. exd5 Nb7 15. c3
Qc7 16. Re1 f5 17. Bg5 Rae8 18. a4 cxb4 19. cxb4 Bxg5 20. Nxg5 Nd8 21. axb5 axb5
22. Qd2 h6 23. Nf3 Qf7 24. Qa2 Qf6 25. Nd2 Nf7 26. Qa6 e4 27. dxe4 fxe4 28. Qxb5
e3 29. fxe3 Rxe3 30. Qb6 Rxe1+ 31. Rxe1 Qc3 32. Qe3 Qxb4 33. Nf3 Qc5 34. Qxc5
dxc5 35. Re7 Rd8 36. Ne5 Nxe5 37. Rxe5 Kf7 38. d6 c4 39. Re7+ Kf6 40. Rc7 Rxd6
41. Rxc4 1/2-1/2

[Event "1st GRENKE Chess Classic"]
[Site "Baden-Baden GER"]
[Date "2013.02.13"]
[Round "6.3"]
[White "Meier, Georg"]
[Black "Caruana, Fabiano"]
[Result "1/2-1/2"]
[WhiteTitle "GM"]
[BlackTitle "GM"]
[WhiteElo "2640"]
[BlackElo "2757"]
[WhiteFideId "4675789"]
[BlackFideId "2020009"]
[EventDate "2013.02.07"]

1. d4 d5 2. c4 c6 3. Nf3 Nf6 4. e3 Bf5 5. Nc3 e6 6. Nh4 Bg6 7. Be2 Nbd7 8. O-O
Ne4 9. g3 Nd6 10. b3 Be7 11. Nxg6 hxg6 12. Qd3 Nf6 13. Bf3 g5 14. Bg2 g4 15. Rd1
Qc7 16. Bb2 Rd8 17. Rac1 Qa5 18. c5 Nf5 19. a3 Qc7 20. Qe2 Nh6 21. e4 dxe4 22.
Nxe4 Nxe4 23. Bxe4 O-O 24. b4 Bf6 25. a4 Rfe8 26. b5 Re7 27. Rd3 Red7 28. Rcd1
Nf5 29. Qxg4 Bxd4 30. Bxd4 Nxd4 31. Rxd4 Rxd4 32. Rxd4 Rxd4 33. Bh7+ Kxh7 34.
Qxd4 Kg8 35. b6 axb6 36. cxb6 Qe7 37. a5 Qa3 38. Qe5 Kh7 39. h4 Qd3 40. Kg2 Qc4
41. Kf3 Qd3+ 42. Kg2 Qc4 43. Qc7 Qe4+ 44. Kg1 Qe1+ 45. Kg2 Qe4+ 46. Kg1 Qe1+ 47.
Kg2 Qe4+ 1/2-1/2

[Event "1st GRENKE Chess Classic"]
[Site "Baden-Baden GER"]
[Date "2013.02.14"]
[Round "7.1"]
[White "Caruana, Fabiano"]
[Black "Anand, Viswanathan"]
[Result "1/2-1/2"]
[WhiteTitle "GM"]
[BlackTitle "GM"]
[WhiteElo "2757"]
[BlackElo "2780"]
[WhiteFideId "2020009"]
[BlackFideId "5000017"]
[EventDate "2013.02.07"]

1. e4 c5 2. Nf3 d6 3. d4 cxd4 4. Nxd4 Nf6 5. Nc3 a6 6. Be3 e5 7. Nf3 Be7 8. Bc4
O-O 9. O-O Qc7 10. Bb3 Be6 11. Nh4 g6 12. Bh6 Re8 13. Qd2 Ng4 14. Nf3 Nd7 15.
Bg5 Ngf6 16. a4 Rab8 17. Qe2 Bxb3 18. cxb3 b5 19. axb5 axb5 20. Bxf6 Nxf6 21.
Rfd1 Rec8 22. Ne1 b4 23. Nd5 Nxd5 24. Rxd5 Rb6 25. g3 Bf8 26. Qe3 Rb7 27. Nd3
Rcb8 28. Rc1 Qe7 29. Rc4 f5 30. Kg2 fxe4 31. Qxe4 Qf7 32. Qf3 Be7 33. Ra5 Qxf3+
34. Kxf3 Bd8 35. Rd5 Rb6 36. Ke4 Kf7 37. g4 Ke6 38. f4 exf4 39. Nxf4+ Kd7 40.
Rd3 Rb5 41. Nd5 Ba5 42. Kf4 h6 43. Re4 Bd8 44. Kg3 h5 1/2-1/2

[Event "1st GRENKE Chess Classic"]
[Site "Baden-Baden GER"]
[Date "2013.02.14"]
[Round "7.2"]
[White "Adams, Michael"]
[Black "Naiditsch, Arkadij"]
[Result "1/2-1/2"]
[WhiteTitle "GM"]
[BlackTitle "GM"]
[WhiteElo "2725"]
[BlackElo "2716"]
[WhiteFideId "400041"]
[BlackFideId "4650891"]
[EventDate "2013.02.07"]

1. c4 e5 2. g3 Nf6 3. Bg2 c6 4. d4 e4 5. Nc3 d5 6. Bg5 Nbd7 7. cxd5 cxd5 8. Qb3
h6 9. Bf4 g5 10. Be5 Bg7 11. Bd6 Nb8 12. Nb5 Na6 13. e3 Qa5+ 14. Nc3 Qb6 15.
Qxb6 axb6 16. Nge2 Be6 17. O-O Rd8 18. Nb5 Kd7 19. Nec3 Ne8 20. Ba3 Nec7 21.
Nxc7 Nxc7 22. Na4 Na8 23. f3 f5 24. g4 exf3 25. gxf5 fxg2 26. fxe6+ Kxe6 27.
Kxg2 Bf8 28. Rf2 Bxa3 29. bxa3 Rhf8 30. Rb2 Rd6 31. Rab1 h5 32. Nxb6 Nxb6 33.
Rxb6 Rxb6 34. Rxb6+ Kf5 35. Rxb7 Re8 36. Rf7+ Kg4 37. Rf3 Rc8 38. h3+ Kh4 39.
Rf2 Rc3 40. Re2 Rxa3 41. Kh2 g4 42. hxg4 Kxg4 43. Kg2 h4 44. Kf2 h3 45. Rb2 Ra8
46. Rb7 Rxa2+ 47. Kg1 Re2 48. Rd7 Kg3 49. Rg7+ Kf3 50. Rd7 Re1+ 51. Kh2 Re2+ 52.
Kh1 Re1+ 1/2-1/2

[Event "1st GRENKE Chess Classic"]
[Site "Baden-Baden GER"]
[Date "2013.02.14"]
[Round "7.3"]
[White "Meier, Georg"]
[Black "Fridman, Daniel"]
[Result "1-0"]
[WhiteTitle "GM"]
[BlackTitle "GM"]
[WhiteElo "2640"]
[BlackElo "2667"]
[WhiteFideId "4675789"]
[BlackFideId "11600454"]
[EventDate "2013.02.07"]

1. d4 d5 2. c4 e6 3. Nf3 Be7 4. g3 Nf6 5. Bg2 O-O 6. O-O dxc4 7. Qc2 b5 8. a4 b4
9. Nfd2 c6 10. Nxc4 Qxd4 11. Rd1 Qc5 12. Nbd2 Rd8 13. b3 Ba6 14. Bb2 Nbd7 15.
Rac1 Bxc4 16. Nxc4 Nb6 17. Nxb6 Qxc2 18. Rxd8+ Rxd8 19. Rxc2 Rd1+ 20. Bf1 axb6
21. Rxc6 Rd6 22. Rc4 Rd2 23. Bd4 Nd7 24. Be3 Rd1 25. Rc8+ Bf8 26. h4 f5 27. Kg2
Kf7 28. Rc7 Be7 29. Bg5 h6 30. Bxe7 Kxe7 31. e3 Kd6 32. Rc4 Nc5 33. Rxb4 Kc7 34.
g4 g5 35. hxg5 hxg5 36. gxf5 exf5 37. Rb5 Rb1 38. b4 Nxa4 39. Rxf5 Rxb4 40. Rxg5
Nc3 41. f4 Kd6 42. Kf3 Rb1 43. Bd3 Rd1 44. Bc4 Rh1 45. Re5 Rb1 46. e4 b5 47. Bd3
Rb2 48. Rg5 b4 49. e5+ Kc5 50. e6+ Kd6 51. Bc4 Rb1 52. Re5 Ke7 53. f5 b3 54. f6+
Kxf6 55. e7 Kxe5 56. Bd3 Rc1 57. e8=Q+ Kd5 58. Qd7+ Ke5 59. Qc7+ Kd5 60. Qc4+ 1-0

[Event "1st GRENKE Chess Classic"]
[Site "Baden-Baden GER"]
[Date "2013.02.15"]
[Round "8.1"]
[White "Anand, Viswanathan"]
[Black "Meier, Georg"]
[Result "1/2-1/2"]
[WhiteTitle "GM"]
[BlackTitle "GM"]
[WhiteElo "2780"]
[BlackElo "2640"]
[WhiteFideId "5000017"]
[BlackFideId "4675789"]
[EventDate "2013.02.07"]

1. e4 e6 2. d4 d5 3. Nc3 dxe4 4. Nxe4 Nd7 5. Nf3 Ngf6 6. Nxf6+ Nxf6 7. Be3 Bd6
8. Bd3 O-O 9. Qe2 b6 10. O-O-O Bb7 11. c4 c5 12. dxc5 bxc5 13. Ng5 h6 14. Nh7
Nxh7 15. Bxh7+ Kxh7 16. Qd3+ Kg8 17. Qxd6 Qa5 18. Kb1 Be4+ 19. Ka1 Bc2 20. Qg3
Kh7 21. Bd2 Qa4 22. b3 Qc6 23. Bc3 Bg6 24. Rd6 Qe4 25. Re1 Qc2 26. Rd2 Qf5 27.
Qe5 f6 28. Qxf5 Bxf5 29. Ba5 Rf7 30. Red1 g5 31. Rd6 Rc8 32. Rd7 Rf8 33. R1d6
Kg6 34. Bd2 e5 35. Rxf7 Rxf7 36. Be3 Rc7 37. Ra6 h5 38. Kb2 h4 39. Ra5 Rd7 40.
Bxc5 Rd1 41. Ra6 Bc8 42. Rxa7 Rh1 43. Rc7 Bf5 44. h3 Rh2 45. a4 Rxg2 46. a5 g4
47. hxg4 Bxg4 48. a6 h3 49. a7 Bf3 50. Rd7 h2 51. Rd5 Bxd5 52. cxd5 h1=Q 53.
a8=Q Rg1 54. Qg8+ Kf5 55. Qe6+ Kg6 56. Qg8+ 1/2-1/2

[Event "1st GRENKE Chess Classic"]
[Site "Baden-Baden GER"]
[Date "2013.02.15"]
[Round "8.2"]
[White "Naiditsch, Arkadij"]
[Black "Caruana, Fabiano"]
[Result "0-1"]
[WhiteTitle "GM"]
[BlackTitle "GM"]
[WhiteElo "2716"]
[BlackElo "2757"]
[WhiteFideId "4650891"]
[BlackFideId "2020009"]
[EventDate "2013.02.07"]

1. e4 e5 2. Nf3 Nc6 3. Bb5 a6 4. Bxc6 dxc6 5. O-O Qf6 6. d4 exd4 7. Bg5 Qd6 8.
Nxd4 Be7 9. Be3 Nf6 10. f3 O-O 11. Nd2 c5 12. Nc4 Qd8 13. Ne2 Qe8 14. Bf4 b5 15.
Ne3 c4 16. Kh1 Qc6 17. Nd4 Qb6 18. Ndf5 Bc5 19. Qe1 g6 20. Nh6+ Kg7 21. g4 Bb7
22. g5 Nh5 23. Be5+ f6 24. gxf6+ Nxf6 25. Neg4 Bd4 26. Bxd4 Qxd4 27. Rd1 Qxb2
28. Nxf6 Qxf6 29. Ng4 Qf4 30. Rd7+ Rf7 31. Qc3+ Kg8 32. Rxf7 Kxf7 33. Rd1 Rf8
34. Kg2 Bc8 35. h3 Kg8 36. e5 Qg5 37. Qd4 Bb7 38. Kh2 Bxf3 39. Nf6+ Kg7 40. Rg1
Qf5 41. Kg3 Bc6 42. h4 Rf7 43. Qe3 Re7 44. Ng4 h5 45. Qh6+ Kg8 46. Nf6+ Kf7 47.
Qh7+ Ke6 48. Qg8+ Kxe5 49. Re1+ Kd4 0-1